Mosby's Dictionary of Medicine, Nursing & Health Professions (Record no. 15664)
[ view plain ]
| 000 -LEADER | |
|---|---|
| fixed length control field | 00468nam a22001457a 4500 |
| 008 - FIXED-LENGTH DATA ELEMENTS--GENERAL INFORMATION | |
| fixed length control field | 160211b xxu||||| |||| 00| 0 eng d |
| 020 ## - INTERNATIONAL STANDARD BOOK NUMBER | |
| International Standard Book Number | 0323074032 |
| 245 ## - TITLE STATEMENT | |
| Title | Mosby's Dictionary of Medicine, Nursing & Health Professions |
| Statement of responsibility, etc. | edited by Ot'ole, Marie |
| 250 ## - EDITION STATEMENT | |
| Edition statement | 9th ed. |
| 260 ## - PUBLICATION, DISTRIBUTION, ETC. (IMPRINT) | |
| Place of publication, distribution, etc. | Canada |
| Name of publisher, distributor, etc. | Eslevier |
| Date of publication, distribution, etc. | 2013 |
| 300 ## - PHYSICAL DESCRIPTION | |
| Extent | xiv, 1989p. |
| Other physical details | ill. |
| 650 ## - SUBJECT ADDED ENTRY--TOPICAL TERM | |
| Topical term or geographic name as entry element | Medicine |
| Form subdivision | Dictionary English |
| 650 ## - SUBJECT ADDED ENTRY--TOPICAL TERM | |
| Topical term or geographic name as entry element | Allied Health occupations |
| General subdivision | Dictionary English |
| 942 ## - ADDED ENTRY ELEMENTS (KOHA) | |
| Source of classification or shelving scheme | Library of Congress Classification |
| Koha item type | Reference |
| Withdrawn status | Lost status | Source of classification or shelving scheme | Not for loan | Home library | Current library | Shelving location | Date acquired | Cost, normal purchase price | Total Checkouts | Full call number | Barcode | Date last seen | Price effective from | Koha item type |
|---|---|---|---|---|---|---|---|---|---|---|---|---|---|---|
| Library of Congress Classification | Kabarak, Main Campus | Kabarak, Main Campus | Reference | 11/02/2016 | 4002.00 | RT21 .M67 2013 c.1 | 016670 | 11/02/2016 | 11/02/2016 | Reference |